| 000 | 02250nam a22003137a 4500 | ||
|---|---|---|---|
| 003 | DO-SdBNP | ||
| 005 | 20220407110556.0 | ||
| 008 | 210428b2021 dr. 2021 00| 0 spa d | ||
| 020 | _a97899450048861 | ||
| 040 |
_aBPMSU _bspa _cBPMSU |
||
| 082 |
_a327.97293097294 _bB623H 2012 _222 |
||
| 100 | 1 |
_aBissainthe, Jean Ghasmann, _d1961- |
|
| 245 | 1 | 0 |
_aHaití: _bel drama nacional / _cJean Ghasmann Bissainthe ; prólogo Franklin J. Franco |
| 260 |
_aSanto Domingo : _bLibrería la Trinitaria, _c2021. |
||
| 300 |
_a469 p. ; _c23 cm. _b |
||
| 500 | _aIncluyes datos biográficos del autor en la solapa de la cubierta | ||
| 500 | _aIncluye índice | ||
| 504 | _aBibliográfica ; p. 457 - 469. | ||
| 505 | _aProblemas geopolíticos y demográficos --- Los mayores sismos y sus consecuencias para Haití -- Procedencia de los esclavos haitianos y del vodú -- Misticismo -- Complejos de los negros -- Dimensión geopolítica de las sublevaciones esclavas -- Perfiles y creencias de los esclavos -- La nación haitiana -- Conciencia y solidaridad de clase -- Estructuras mentales -- Los extranjeros vistos por los haitianos -- Nuevas estructuras haitianas -- Sexo, poder y crímenes abyectos -- Ontología haitiana -- Luchas raciales y sociales -- La ideología indigenista -- Aspectos religiosos y mágicos -- Estrategias imperiales de los haitianos -- Proyectos unitarios y agrarios -- Mentalidad haitiana -- Períodos históricos y prejuicios raciales -- Ambiciones neo-colonialistas de los europeos y norteamericanos -- Nuevas maniobras del Tío Sam -- Consecuencias de la ocupación norteamericana -- Ideología de la negritud y el cocaísmo -- El poder de los negros y las estrategias mulatas -- El reino de los Duvalier -- El periodo post-duvalierista Duvalier versus Arístides Nuevos dramas nacionales Nuevas fiestas electorales. | ||
| 590 | _aInventario,2022/VM | ||
| 651 | 4 |
_a Haití _xHistoria. |
|
| 651 | 4 |
_aHaití _xRelaciones _zRepública Dominicana. |
|
| 651 | 4 |
_aRepública Dominicana _xRelaciones _zHaití. |
|
| 651 | 4 |
_aHaití _x Condiciones sociales. |
|
| 651 | 4 |
_aHaití _xPolítica y gobierno. |
|
| 700 | 1 |
_aFranco, Franklin J _eprólogo |
|
| 910 | _aVMateo V. | ||
| 942 |
_2ddc _cBK |
||
| 999 |
_c13442 _d13442 |
||